| 000 | 00510nam a22001817a 4500 | ||
|---|---|---|---|
| 005 | 20251108171033.0 | ||
| 008 | 250721s2002 xx 000 0 ara d | ||
| 082 | 1 | 4 | _a641.1/عكي |
| 100 | 1 | _aالعكيدي، حسن | |
| 245 | 1 | 0 | _aموسوعة غذاؤنا : الحليب و مشتقاته / |
| 264 | 1 |
_aعمان : _bدار زهران، _c2002. |
|
| 300 | _a97ص. | ||
| 490 | 0 | _aموسوعة غذاؤنا | |
| 650 | 1 | 7 | _aالتغذية |
| 650 | 1 | 7 | _aالحليب |
| 942 |
_2ddc _cBK |
||
| 999 |
_c54967 _d54967 |
||